000 00509nam a2200181Ia 4500
005 20250508150240.0
008 008 250505s9999 xx 000 0 eng d
037 _aTextual
040 _aFEDL
_beng
_cFEDL
041 _aeng
_2eng
084 _a954.03, LYA
_qFEDL
100 _aLyall Alfred
245 0 _aRise and expansion of the British dominion in India
260 _aLondon, UK
_bJohn Murray
_c1929
300 _axviii,397p
942 _cTEXL
_h954.03, LYA
999 _c1322637
_d1322637